| 000 | 01283nam a22001457a 4500 | ||
|---|---|---|---|
| 999 |
_c525271 _d525271 |
||
| 008 | 240220b ||||| |||| 00| 0 eng d | ||
| 100 |
_aMacchi, Elisa _950000 |
||
| 245 | _aWorth your weight: Experimental evidence on the benefits of obesity in low-income countries | ||
| 260 | _aThe American Economic Review | ||
| 300 | _a113(9), Sep, 2023: p.2287-2322 | ||
| 520 | _aAuthor study the economic value of obesity—a status symbol in poor countries associated with raised health risks. Randomizing decision-makers in Kampala, Uganda to view weight-manipulated portraits, I find that obesity is perceived as a reliable signal of wealth but not of beauty or health. Thus, leveraging a real-stakes experiment involving professional loan officers, I show that being obese facilitates access to credit. The large obesity premium, comparable to raising borrower self-reported earnings by over 60 percent, is driven by asymmetric information and drops significantly when providing more financial information. Notably, obesity benefits and wealth-signaling value are commonly overestimated, suggesting market distortions.- Reproduced https://www.aeaweb.org/articles?id=10.1257/aer.20211879 | ||
| 773 | _aThe American Economic Review | ||
| 906 | _aHEALTH SERVICES | ||
| 942 | _cAR | ||